000 00224 a2200073 4500
245 0 _aObsługa stojaka radiofonicznego (Instr.Techn.) /
_c.
710 2 _aInstytut Łączności.
_eWydawca
_4pbl
260 _aWarszawa :
_bIŁ,
_c1953.
300 _a2 s.;
_c30 cm.
999 _c14642
_d14642